Flags of Former Soviet Republics - Statistics

General Stats
  • This quiz has been taken 454 times
  • The average score is 14 of 15
Answer Stats
Picture Answer % Correct
Russia
99%
Ukraine
98%
Georgia
97%
Estonia
95%
Kazakhstan
94%
Moldova
93%
Belarus
92%
Uzbekistan
92%
Latvia
91%
Armenia
90%
Azerbaijan
89%
Kyrgyzstan
87%
Lithuania
87%
Tajikistan
87%
Turkmenistan
86%
No matching quizzes found
Score Distribution
Percent of People with Each Score
Percentile by Number Answered
Your Score History
You have not taken this quiz